000 00598nam a2200205Ia 4500
003 OSt
005 20220518092332.0
008 210716s2017 xx 000 0 und d
020 _a9789332573659
040 _cAIMIT LIBRARY
041 _aeng
082 _a005. 365
_bGUPR
_21
100 _aGupta, Rajeev.
_937478
245 _aAgile automation and unified functional testing /
_cBy Rajeev Gupta.
250 _a1st ed.
260 _aNew Delhi :
_bPearson Education ,
_c2017.
300 _axxix,894p ;
_bPB
_e23.5 cm.
650 _aAgile automation.
_937479
942 _2ddc
_cBK
_e1st
_k005.365 GUPR
999 _c196269
_d196269